000 00754nam a2200253Ia 4500
003 OSt
005 20220918194449.0
006 a|||||r|||| 00| 0
007 ta
008 220917b |||||||| |||| 00| 0 eng d
024 _a79,553
037 _cTextual
040 _aARTS
_cARTS
_beng
041 _2eng
_aeng
082 _aS:4, M4
100 _aHoffmann Nicolas ed
_985044
245 0 _aFoundations of cognitive therapy
_b theoretical methods and practical applications tr from German by Elizabeth Lachman
260 _aNew York
_bPlenum Press
_c1984
300 _axiii,237p.
_ccm.
500 _aIncludes Bib
650 _aCOGNITIVE STYLES
_915127
942 _hS:4, M4
_cTEXL
_2CC
999 _c203279
_d203279